00688nam a2200181Ia 4500003000900000008004100009040001600050080001900066100002200085245020000107260003300307300001400340650001900354650001900373942000700392999001300399952009400412IN-BaIIA211028s9999 xx 000 0 eng d cIIA Library a655.3:026bHIL aHill, T. G.92066 4aThe essentials of illustrationba practical guide to the reproduction of drawings and photographs for the use of scientists and otherscT. G. Hill  aLondonbWilliam Wesleyc1915 axii, 91p. aNASA Thesaurus aPrinting92067 cBK c961d961 00104070aBANbKODcGENd0000-00-00l0o655.3:026/ HILp995r2021-11-05w0000-00-00yBK